Additional Evidence on EMS Interest Rate Linkages
Salvato in:
| Autore principale: | |
|---|---|
| Altri autori: | |
| Natura: | Libro |
| Lingua: | inglese |
| Pubblicazione: |
Washington, D.C.
International Monetary Fund
1996
|
| Serie: | IMF Working Paper
115 |
| Soggetti: | |
| Tags: |
Nessun Tag, puoi essere il primo ad aggiungerne!!
|
MARC
| LEADER | 00000nam a2200000 4500 | ||
|---|---|---|---|
| 001 | c017507 | ||
| 005 | 20260105095710.7 | ||
| 041 | 0 | |a eng | |
| 044 | |a US | ||
| 245 | 1 | 0 | |a Additional Evidence on EMS Interest Rate Linkages |c Alicia Garcia-Herrero, John Thornton |
| 264 | 1 | |a Washington, D.C. |b International Monetary Fund |c 1996 | |
| 300 | |a 11 s. | ||
| 490 | 1 | |a IMF Working Paper |v 115 | |
| 830 | 0 | |a IMF Working Paper |v 115 | |
| 610 | 2 | 0 | |a sadzby úrokové |
| 610 | 2 | 0 | |a sústava menová |
| 610 | 2 | 0 | |a Európska únia |
| 610 | 2 | 0 | |a Európske spoločenstvá |
| 610 | 2 | 0 | |a únie menové |
| 100 | 1 | |a Garcia-Herrero, Alicia | |
| 700 | 1 | |a Thornton, John | |